Encountering the book of Psalms : (Record no. 8612)

MARC details
000 -LEADER
fixed length control field 01098cam a22002774a 4500
001 - CONTROL NUMBER
control field 12418451
003 - CONTROL NUMBER IDENTIFIER
control field GBCCL
005 - DATE AND TIME OF LATEST TRANSACTION
control field 20241126110654.0
008 - FIXED-LENGTH DATA ELEMENTS--GENERAL INFORMATION
fixed length control field 010523s2001 miua b 001 0 eng
010 ## -
-- 2001035974
020 ## - INTERNATIONAL STANDARD BOOK NUMBER
International Standard Book Number 0801022452
040 ## - CATALOGING SOURCE
Original cataloging agency DLC
Transcribing agency DLC
Modifying agency DLC
042 ## -
-- pcc
050 00 -
-- BS1430.2
-- .B85 2001
082 00 - DEWEY DECIMAL CLASSIFICATION NUMBER
Classification number 223.206
Edition information 21
Item number BUL
100 1# - MAIN ENTRY--PERSONAL NAME
Personal name Bullock, C. Hassell.
9 (RLIN) 56
245 10 - TITLE STATEMENT
Title Encountering the book of Psalms :
Remainder of title a literary and theological introduction /
Statement of responsibility, etc. C. Hassell Bullock.
260 ## - PUBLICATION, DISTRIBUTION, ETC.
Place of publication, distribution, etc. Grand Rapids, Mich. :
Name of publisher, distributor, etc. Baker Academic,
Date of publication, distribution, etc. c2001.
300 ## - PHYSICAL DESCRIPTION
Extent 266 p. :
Other physical details ill. ;
Dimensions 25 cm.
440 #0 - SERIES STATEMENT/ADDED ENTRY--TITLE
Title Encountering biblical studies
9 (RLIN) 15193
504 ## - BIBLIOGRAPHY, ETC. NOTE
Bibliography, etc. note Includes bibliographical references (p. 239-248) and indexes.
630 00 - SUBJECT ADDED ENTRY--UNIFORM TITLE
Uniform title Bible.
Name of part/section of a work Psalms
General subdivision Criticism, interpretation, etc.
9 (RLIN) 2721
906 ## - LOCAL DATA ELEMENT F, LDF (RLIN)
a 7
b cbc
c orignew
d 1
e ocip
f 20
g y-gencatlg
942 ## - ADDED ENTRY ELEMENTS (KOHA)
Source of classification or shelving scheme Dewey Decimal Classification
Koha item type Books
Koha issues (borrowed), all copies 4
Holdings
Withdrawn status Lost status Source of classification or shelving scheme Damaged status Not for loan Home library Current Library Shelving location Date acquired Total checkouts Total renewals Full call number Barcode Date last seen Date last checked out Copy number Price effective from Koha item type
    Dewey Decimal Classification     GRACE BIBLE COLLEGE GRACE BIBLE COLLEGE Biblical Studies 2021-05-06 6 1 223.206 BUL 020264 2025-05-01 2025-02-07 c.1 2021-05-06 Books
    Dewey Decimal Classification     GRACE BIBLE COLLEGE GRACE BIBLE COLLEGE Biblical Studies 2023-11-25 2   223.206 BUL 020658 2025-05-01 2025-02-03 c.2 2023-11-25 Books
© Grace Bible College Library 2025